| Registos Bibliográficos associados ao registo de autoridade |
|
Etiqueta de registo: 00000nam 2200025 450 001 2287682 003 http://id.bnportugal.gov.pt/bib/catbnp/2287682 100 ## $a20260611d2026 k y0pory01030103ba 101 0# $apor$deng 102 ## $aPT 105 ## $aa m 000yy 106 ## $ar 200 1# $aDesafios na implementação do estágio pedagógico$e um estudo de caso na Secção de Ensino e Investigação de Inglês de um ISCED em Angola$fDélcio Jacob Felicidade Tweuhanda$gorient. Maria Alfredo Ferreira de Freitas Lopes Moreira 210 #9 $a[S.l.$cs.n.],$d2026 215 ## $aXIII, 176 p.$cil.$d30 cm 328 #1 $aTese dout. Ciências da Educação (Supervisão Pedagógica), Instituto de Educação, Universidade
do Minho, 2026 700 #1 $aTweuhanda,$bDélcio Jacob Felicidade$32000312 702 #1 $aMoreira,$bMaria Alfredo$4727$3127455 801 #0 $aPT$bBN$gRPC 966 ## $lBN$mFGMON$x1 971 ## $corlando$d20260611
|
|
|